000 00444nam a2200205Ia 4500
001 13183
003 GE_BSU
008 181216s||||||||xx |||||||||||||| ||und||
020 _a0747261687
040 _cGE_BSU
080 _a821.111-32
100 _akimball,Michael.
245 _aMouth to Mouth.
260 _aLondon.
260 _bHeadline Feature.
260 _c1999
300 _a502p;18cm.
653 _aMouth to Mouth.
942 _cBK
999 _c46347
_d46347